01968nam a22002777a 4500003000900000008004100009040007100050082002000121245014800141260003000289300002800319440009800347505093100445650002001376650002001396650001501416650002101431700003101452700002101483700002201504700002501526700002901551700002301580710003201603710005501635AR-CdUCM190425b ||||| |||| 00| 0 spa d aMUNICIPALIDAD PROVINCIAL DEL CUSCOcBIBLIOTECA MUNICIPAL DEL CUSCO aSitua/N°7/1996 aSitua :bRevista semestral de la Facultad de Medicina Humana /cFacultad de Medicina Humana, Universidad Nacional de San Antonio Abad del Cusco aCusco :b[UNSAAC],c1996. a59 páginas. :c31 cm. aSitua revista semestral de la Facultad de Medicina Humana.nAño,4, N° 7, marzo-marzo 1996. aContenido: Consideraciones clínico epidemiológicas y terapéuticas del cáncer de mama en altura. Américo Morales Alfaro. -- Evaluación del uso de presión positiva continua en las vías aéreas en la unidad de cuidados intensivos de servicio neonatología del hospital Nacional Cayetana Heredia de enero a diciembre de 1993. Leynn Elescano. -- Evaluación retrospectiva de La uropatía obstructiva baja por hiperplasia prostática benigna en hospitales de Lima y Callao. Carlos Anderson. -- La sagrada hoja de coca. Emma María Cuchi. -- Necesidades de fluoración de la sal de consumo humano en el yacimiento salino de Maras Urubamba-Cusco. Fernando Murillo Salazar. -- El frio como factor importante de stress en el recién nacido de altura. Luis Vidal Coello. -- El Chaski. -- Conferencias mundiales de educación medica declaración de Santa Fe de Bogotá. -- Programa de salud básica para todos. aMedicina humana aSalud pública aHospitales aCentros de Salud a Morales Alfaro, Américo aElescano., Leynn a Anderson, Carlos aMaría Cuchi., Emma aMurillo Salaza, Fernando aVidal Coello, Luis aFacultad de Medicina Humana aUniversidad Nacional de San Antonio Abad del Cusco